| 000 | 00854cam a2200217 4500 | ||
|---|---|---|---|
| 001 | X113570 | ||
| 008 | 000000n2001 000 0 eng u | ||
| 035 | _a(Sirsi) u113570 | ||
| 100 | _aBingham, T. | ||
| 245 | _aRead the small print | ||
| 260 | _c2001 | ||
| 490 |
_aBuilding _v266(8191) 29 June 2001, 48-49(2) |
||
| 520 | _aCautions that, in the light of "Hayward v Norwich Union Insurance", the interpretation of exclusions and limitations in insurance policies can only be challenged in court if their wording produces an 'unreasonable meaning'. | ||
| 650 | _aEXCLUSION CLAUSES | ||
| 650 | _aHAYWARD V NORWICH UNION INSURANCE | ||
| 650 | _aINTERPRETATION | ||
| 650 | _aLIMITATION CLAUSES | ||
| 690 |
_aInsurance _96249 |
||
| 942 | _n0 | ||
| 999 |
_c67662 _d67662 |
||
| 856 |
_uhttps://www.vlebooks.com/ _zView on VLEbooks. Logins for members only from [email protected] |
||